[Event "FIDE Grand Swiss 2021"]
[Site "Riga"]
[Date "07.11.2021"]
[Round "11"]
[White "Caruana, Fabiano"]
[Black "Predke, Alexandr"]
[Result "1/2-1/2"]
[WhiteElo "2800"]
[BlackElo "2666"]

1. e4 e5 2. Nf3 Nc6 3. Bb5 a6 4. Ba4 Nf6 5. O-O Be7 6. d3 d6 7. c3 O-O 8.
Nbd2 Re8 9. Re1 Bf8 10. Nf1 h6 11. Ng3 b5 12. Bb3 a5 13. a4 b4 14. h3 bxc3
15. bxc3 Be6 16. Bc2 d5 17. exd5 Qxd5 18. Rb1 Rab8 19. Rb5 Rxb5 20. c4 Qd6
21. axb5 Nd4 22. Bb2 Nxf3+ 23. Qxf3 Qb4 24. Rb1 Qd2 25. Qd1 Qxd1+ 26. Bxd1
Bb4 27. Bf3 e4 28. dxe4 Bxc4 29. e5 Nd5 30. Rc1 Nb6 31. Nf5 Bd3 32. Ne3
Bxb5 33. Rxc7 Re7 34. Rc1 Rd7 35. Be4 Bd2 36. Rc5 Bd3 37. Bf3 Kh7 38. Rc6
Bxe3 39. fxe3 Nc4 40. Bd4 Re7 41. Rc5 a4 42. Bc6 a3 43. Bb5 Nb2 44. Bxb2
Bxb5 45. Bxa3 Rb7 46. e6 1/2-1/2

[Event "FIDE Grand Swiss 2021"]
[Site "Riga"]
[Date "07.11.2021"]
[Round "11"]
[White "Yu, Yangyi"]
[Black "Vachier-Lagrave, Maxime"]
[Result "1/2-1/2"]
[WhiteElo "2704"]
[BlackElo "2763"]

1. e4 c5 2. Nf3 d6 3. d4 cxd4 4. Nxd4 Nf6 5. Nc3 a6 6. h3 e5 7. Nb3 Be6 8.
Be3 Be7 9. f4 exf4 10. Bxf4 Nc6 11. Qe2 Nd7 12. O-O-O Nce5 13. Kb1 Rc8 14.
Qe3 O-O 15. g4 Re8 16. Nd4 Qa5 17. a3 b5 18. Nf5 b4 19. Nxe7+ Rxe7 20. axb4
Qxb4 21. Qd4 Qa5 22. Qxd6 Ree8 23. Nd5 Qa4 24. Rh2 Bxd5 25. Qxd5 Nf6 26.
Qb3 Qxe4 27. Bxe5 Qxe5 28. Re2 Ne4 29. Qd5 Qf4 30. Ka1 g6 31. Rde1 Rc5 32.
Qxc5 Nxc5 33. Rxe8+ Kg7 34. R8e3 Qd4 35. Kb1 Na4 36. Rb3 Nc5 37. Ra3 Na4
38. Rb3 Nc5 39. Ra3 Na4 1/2-1/2

[Event "FIDE Grand Swiss 2021"]
[Site "Riga"]
[Date "07.11.2021"]
[Round "11"]
[White "Deac, Bogdan-Daniel"]
[Black "Esipenko, Andrey"]
[Result "1/2-1/2"]
[WhiteElo "2643"]
[BlackElo "2720"]

1. d4 Nf6 2. c4 e6 3. Nf3 d5 4. Nc3 Nbd7 5. Bf4 dxc4 6. e3 Bd6 7. Bg5 h6 8.
Bh4 a6 9. a4 c5 10. Bxc4 cxd4 11. exd4 O-O 12. O-O Qc7 13. Bb3 b6 14. Rc1
Qb8 15. Qe2 Bb7 16. Bxf6 Bxf3 17. Qxf3 Nxf6 18. g3 b5 19. axb5 axb5 20. Ne4
Be7 21. Nxf6+ Bxf6 22. d5 exd5 23. Bxd5 Bxb2 24. Rb1 Ra3 25. Qe2 Bf6 26.
Rxb5 Qe8 27. Qc4 Rc3 28. Qb4 Be7 29. Qxc3 Qxb5 30. Qc4 Qxc4 31. Bxc4 Rc8
32. Rc1 Kf8 33. Rc2 Bf6 34. Bd3 Rxc2 35. Bxc2 g6 36. h4 h5 37. Kg2 Kg7 38.
f4 Bd4 39. f5 Kf6 40. fxg6 fxg6 41. g4 hxg4 42. Kg3 g5 43. Kxg4 gxh4 44.
Kxh4 1/2-1/2

[Event "FIDE Grand Swiss 2021"]
[Site "Riga"]
[Date "07.11.2021"]
[Round "11"]
[White "Sargissian, Gabriel"]
[Black "Shirov, Alexei"]
[Result "1/2-1/2"]
[WhiteElo "2664"]
[BlackElo "2659"]

1. d4 d5 2. c4 c6 3. Nf3 Nf6 4. Nc3 e6 5. Bg5 dxc4 6. e4 b5 7. e5 h6 8. Bh4
g5 9. Nxg5 hxg5 10. Bxg5 Nbd7 11. g3 Bb7 12. Bg2 Qb6 13. exf6 O-O-O 14. O-O
c5 15. d5 b4 16. Rb1 Qa6 17. dxe6 Bxg2 18. e7 Bxf1 19. Qd5 Bxe7 20. fxe7
Bd3 21. exd8=Q+ Rxd8 22. Ne4 Bxb1 23. Nd6+ Kc7 24. Bf4 Kb6 25. Nxc4+ Kb5
26. Nd6+ Kb6 27. Nc4+ Kb5 28. Nd6+ Kb6 29. Nc4+ Kb5 30. Nd6+ Kb6 1/2-1/2

[Event "FIDE Grand Swiss 2021"]
[Site "Riga"]
[Date "07.11.2021"]
[Round "11"]
[White "Anton Guijarro, David"]
[Black "Sevian, Samuel"]
[Result "1/2-1/2"]
[WhiteElo "2658"]
[BlackElo "2654"]

1. d4 Nf6 2. Nf3 d5 3. e3 a6 4. Bd3 Bg4 5. c4 dxc4 6. Bxc4 e6 7. O-O c5 8.
dxc5 Qxd1 9. Rxd1 Bxc5 10. a3 O-O 11. b4 Be7 12. Bb2 a5 13. bxa5 Nc6 14.
Nbd2 Nxa5 15. Bb5 Nd5 16. Rdc1 Bxf3 17. gxf3 Bf6 18. Bxf6 Nxf6 19. Rc2 Rfd8
20. Rb1 Kf8 21. a4 Rac8 22. Rbc1 Rxc2 23. Rxc2 Nd5 24. Ne4 Nb6 25. Kg2 Rc8
26. Rb2 Ke7 27. f4 Nd5 28. h4 g6 29. Ng5 b6 30. Nf3 Nc4 1/2-1/2

[Event "FIDE Grand Swiss 2021"]
[Site "Riga"]
[Date "07.11.2021"]
[Round "11"]
[White "Kryvoruchko, Yuriy"]
[Black "Aronian, Levon"]
[Result "1/2-1/2"]
[WhiteElo "2686"]
[BlackElo "2782"]

1. e4 e5 2. Nf3 Nc6 3. Bb5 Nf6 4. O-O Nxe4 5. Re1 Nd6 6. Nxe5 Be7 7. Bf1
Nxe5 8. Rxe5 O-O 9. d4 Bf6 10. Re2 b6 11. Re1 Bb7 12. Bf4 Nf5 13. c3 Re8
14. Nd2 Rxe1 15. Qxe1 g5 16. Bg3 Nxg3 17. hxg3 c5 18. Ne4 cxd4 19. Rd1 Bxe4
20. Qxe4 d5 21. Qf5 h6 22. cxd4 Qd6 23. Be2 Re8 24. Bf3 Qe6 25. Qxd5 Qxd5
26. Bxd5 Rd8 27. Bc4 Rxd4 28. Rxd4 Bxd4 29. b3 Kg7 30. Kf1 f5 31. f3
1/2-1/2

[Event "FIDE Grand Swiss 2021"]
[Site "Riga"]
[Date "07.11.2021"]
[Round "11"]
[White "Harikrishna, Pentala"]
[Black "Kuzubov, Yuriy"]
[Result "1/2-1/2"]
[WhiteElo "2719"]
[BlackElo "2624"]

1. d4 Nf6 2. c4 e6 3. Nf3 d5 4. Nc3 Nbd7 5. cxd5 exd5 6. Bg5 c6 7. e3 Be7
8. Qc2 Nh5 9. Bxe7 Qxe7 10. g4 Nhf6 11. h3 Nb6 12. O-O-O Be6 13. Bd3 O-O-O
14. Nd2 Kb8 15. Nb3 Bc8 16. Kb1 Rhe8 17. Rde1 h5 18. f3 hxg4 19. hxg4 Rh8
20. Qg2 Rde8 21. g5 Nfd7 22. e4 Rxh1 23. Rxh1 dxe4 24. fxe4 Nf8 25. Qg3+
Qc7 26. Qxc7+ Kxc7 27. a4 Be6 28. d5 cxd5 29. a5 Nc8 30. exd5 Bd7 31. Nc5
Nd6 32. Rh8 Kd8 33. Kc2 b6 34. axb6 axb6 35. Nb3 Nf5 36. Kd2 Ng6 37. Rxe8+
Kxe8 38. Bxf5 Bxf5 39. Nd4 Bd7 40. Ke3 Ne5 41. Ke4 f6 42. gxf6 1/2-1/2

[Event "FIDE Grand Swiss 2021"]
[Site "Riga"]
[Date "07.11.2021"]
[Round "11"]
[White "Petrosyan, Manuel"]
[Black "Fedoseev, Vladimir"]
[Result "1/2-1/2"]
[WhiteElo "2605"]
[BlackElo "2704"]

1. Nf3 Nf6 2. c4 g6 3. Nc3 Bg7 4. e4 e5 5. Nxe5 O-O 6. Nf3 Re8 7. Bd3 d5 8.
cxd5 Bf5 9. O-O Nxe4 10. Bxe4 Bxe4 11. Nxe4 Rxe4 12. Qb3 Na6 13. Qxb7 Nc5
14. Qb5 Qd6 15. d4 Bxd4 16. Nxd4 Rxd4 17. Be3 Rxd5 18. Rac1 a6 19. Qb4 a5
20. Qa3 Nd3 21. Qxd6 cxd6 22. Rcd1 f5 23. Rd2 f4 24. Rfd1 fxe3 25. fxe3
Nxb2 26. Rxd5 Nxd1 27. Rxd1 Rb8 28. Rxd6 Rb1+ 29. Kf2 Rb2+ 30. Kf3 Rxa2 31.
Rd7 a4 32. Ra7 a3 33. h4 h5 34. e4 Kf8 35. e5 Ke8 36. g3 Kf8 37. Kf4 Rf2+
38. Kg5 Rf7 39. Rxa3 Kg7 40. g4 hxg4 41. Kxg4 Rf5 42. Re3 Rh5 43. e6 Kf8
44. e7+ Ke8 45. Re6 Ra5 46. Rxg6 1/2-1/2

[Event "FIDE Grand Swiss 2021"]
[Site "Riga"]
[Date "07.11.2021"]
[Round "11"]
[White "Xiong, Jeffery"]
[Black "Sarana, Alexey"]
[Result "1/2-1/2"]
[WhiteElo "2700"]
[BlackElo "2649"]

1. e4 c5 2. Nc3 d6 3. f4 Nc6 4. Nf3 Nf6 5. Bb5 Bd7 6. O-O e6 7. d3 a6 8.
Bc4 b5 9. Bb3 Be7 10. e5 Ng4 11. h3 Nh6 12. exd6 Bxd6 13. Ne4 Qc7 14. Nxd6+
Qxd6 15. c3 O-O 16. Qe2 Rac8 17. g4 f5 18. Ne5 Be8 19. Bd2 Na5 20. Bc2 Nf7
21. Rae1 Rd8 22. Bc1 Qc7 23. Qf2 Rd5 24. c4 Rd8 25. Nxf7 Bxf7 26. Re5 Nb7
27. b3 fxg4 28. hxg4 Bg6 29. Qe3 Rfe8 30. Bb2 Qd7 31. Re1 Na5 32. Rxc5 Nc6
33. cxb5 axb5 34. Rc1 e5 35. f5 Bf7 36. Bd1 Nb4 37. Be2 Qa7 1/2-1/2

[Event "FIDE Grand Swiss 2021"]
[Site "Riga"]
[Date "07.11.2021"]
[Round "11"]
[White "Shevchenko, Kirill"]
[Black "Artemiev, Vladislav"]
[Result "0-1"]
[WhiteElo "2632"]
[BlackElo "2699"]

1. e4 e5 2. Nf3 Nc6 3. Bb5 Nf6 4. d3 d6 5. O-O Be7 6. Re1 O-O 7. c3 a6 8.
Ba4 Re8 9. Nbd2 Bf8 10. Nf1 h6 11. Ng3 b5 12. Bb3 Ne7 13. a4 Rb8 14. axb5
axb5 15. d4 Ng6 16. Ra7 Rb7 17. Ra6 c5 18. Bc2 Rb8 19. Ra1 Bg4 20. h3 Bxf3
21. Qxf3 exd4 22. cxd4 cxd4 23. Qd1 d5 24. Qxd4 Rc8 25. Bb3 Bc5 26. Qd3 Ne5
27. Qxb5 Bxf2+ 28. Kxf2 Rb8 29. Qa6 Rxb3 30. Ra3 Qb8 31. Qe2 Rxg3 32. Kxg3
Nxe4+ 0-1

[Event "FIDE Grand Swiss 2021"]
[Site "Riga"]
[Date "07.11.2021"]
[Round "11"]
[White "Sasikiran, Krishnan"]
[Black "Korobov, Anton"]
[Result "0-1"]
[WhiteElo "2640"]
[BlackElo "2690"]

1. e4 c5 2. Nf3 d6 3. d4 cxd4 4. Nxd4 Nf6 5. Nc3 a6 6. Be3 e6 7. a3 b5 8.
g4 Bb7 9. Bg2 Be7 10. g5 Nfd7 11. f4 Nc6 12. Nxc6 Bxc6 13. h4 O-O 14. O-O
Qb8 15. f5 Re8 16. fxe6 fxe6 17. Qg4 Bd8 18. Bh3 Bb6 19. Bxb6 Qxb6+ 20. Kh2
Ne5 21. Qg3 b4 22. axb4 Qxb4 23. Rab1 Bd7 24. h5 Rf8 25. h6 g6 26. Rbd1 a5
27. b3 Rac8 28. Rxf8+ Rxf8 29. Bg2 Rf2 30. Rf1 Nf3+ 31. Qxf3 Rxf3 32. Rxf3
Qc5 33. Rg3 Bc6 34. Ne2 Qe5 35. Nc3 Kf7 36. Kh3 Ke7 37. Kg4 Qd4 38. Kh3 Qd2
39. Nb1 Qc1 40. Nc3 Qxc2 41. Kh2 Qxb3 42. Nd5+ Bxd5 43. exd5 Qb4 44. dxe6
Kxe6 45. Re3+ Kf5 46. Re7 Kxg5 47. Rxh7 a4 0-1

[Event "FIDE Grand Swiss 2021"]
[Site "Riga"]
[Date "07.11.2021"]
[Round "11"]
[White "Alekseenko, Kirill"]
[Black "Yilmaz, Mustafa"]
[Result "1-0"]
[WhiteElo "2710"]
[BlackElo "2626"]

1. e4 c5 2. h3 d6 3. Bb5+ Nd7 4. c4 Nf6 5. Nc3 a6 6. Ba4 e6 7. Nge2 Be7 8.
O-O O-O 9. d3 d5 10. Ng3 d4 11. Nce2 b5 12. cxb5 Nb6 13. Bc2 axb5 14. Bd2
Bb7 15. f4 Nfd7 16. f5 e5 17. Nh5 c4 18. Neg3 f6 19. Qg4 Rf7 20. Rf3 Kh8
21. Nh1 Nc5 22. Nf2 cxd3 23. Nxd3 Nc4 24. Nxc5 Bxc5 25. Bb3 Rd7 26. Rd1
Nxb2 27. Rg3 Nxd1 28. Qxd1 d3+ 29. Kh2 Bf2 30. Rg4 Qe8 31. Qf3 Qxh5 32.
Qxf2 Qe8 33. Qh4 Rf7 34. Qh5 Kg8 35. Rh4 h6 36. Bxh6 Kf8 37. Bd2 Ra4 38.
Bxa4 bxa4 39. Bb4+ Re7 40. Qd1 1-0

[Event "FIDE Grand Swiss 2021"]
[Site "Riga"]
[Date "07.11.2021"]
[Round "11"]
[White "Swiercz, Dariusz"]
[Black "Eljanov, Pavel"]
[Result "1/2-1/2"]
[WhiteElo "2647"]
[BlackElo "2691"]

1. e4 e5 2. Nf3 Nc6 3. Bb5 Nf6 4. d3 Bc5 5. Bxc6 dxc6 6. Nbd2 Be6 7. O-O
Qd6 8. b3 a5 9. a3 O-O 10. Bb2 Nd7 11. Ng5 f6 12. Nxe6 Qxe6 13. Kh1 a4 14.
b4 Be7 15. f4 exf4 16. Rxf4 b5 17. Nf3 Bd6 18. Rh4 Qe8 19. Nd4 Be5 20. Qc1
Bxd4 21. Bxd4 Rd8 22. Qb2 Rf7 23. Qc3 Ne5 24. Rf1 Qd7 25. Bc5 Re8 26. Rhf4
Ng6 27. R4f3 Re5 28. Bf2 Nf8 29. Kg1 Ne6 30. Be3 Qd6 31. Rf5 h6 32. h3 Rxf5
33. Rxf5 Qg3 34. Bf2 Qd6 35. Kh1 Qd7 36. Be3 Qd6 37. Qa1 Qg3 38. Bf2 Qd6
39. Be3 Qg3 40. Bf2 Qd6 41. Bg1 Qd7 42. Qc3 Qd6 43. Ba7 Qd7 44. Bc5 Kh7 45.
Bg1 Kg8 46. Be3 1/2-1/2

[Event "FIDE Grand Swiss 2021"]
[Site "Riga"]
[Date "07.11.2021"]
[Round "11"]
[White "Saric, Ivan"]
[Black "Van Foreest, Jorden"]
[Result "1/2-1/2"]
[WhiteElo "2644"]
[BlackElo "2691"]

1. e4 e5 2. Nf3 Nc6 3. Bb5 a6 4. Ba4 Nf6 5. O-O Nxe4 6. d4 b5 7. Bb3 d5 8.
dxe5 Be6 9. Nbd2 Nc5 10. c3 d4 11. Bxe6 Nxe6 12. cxd4 Ncxd4 13. a4 Nc6 14.
Qe2 Be7 15. Ne4 O-O 16. Rd1 Qc8 17. h4 Qb7 18. Bg5 bxa4 19. Rxa4 Qb5 20.
Qxb5 axb5 21. Rxa8 Rxa8 22. Bxe7 Nxe7 23. Neg5 Rd8 24. Rc1 Nxg5 25. Nxg5 h6
26. Nf3 c6 27. g3 Kf8 28. Ra1 Nf5 29. Kg2 Ke7 30. Ra6 Nd4 31. h5 Ke6 32.
Nxd4+ Rxd4 33. Rxc6+ Kxe5 34. Rc3 Rd2 35. Rb3 Rd5 36. Rb4 Ke6 37. Re4+ Kf6
38. g4 g6 39. hxg6 fxg6 40. Rb4 1/2-1/2

[Event "FIDE Grand Swiss 2021"]
[Site "Riga"]
[Date "07.11.2021"]
[Round "11"]
[White "Grandelius, Nils"]
[Black "Bluebaum, Matthias"]
[Result "1-0"]
[WhiteElo "2662"]
[BlackElo "2640"]

1. e4 e6 2. d4 d5 3. e5 c5 4. c3 Nc6 5. Nf3 Bd7 6. Be2 Nge7 7. O-O Nf5 8.
dxc5 a5 9. Bd3 Bxc5 10. a4 h6 11. Nbd2 Ba7 12. Nb3 O-O 13. Bc2 Nh4 14. Nxh4
Qxh4 15. Qd3 f5 16. exf6 Rxf6 17. Be3 Ne5 18. Qh7+ Kf7 19. Bxa7 Rxa7 20.
Rae1 Ng4 21. h3 Nxf2 22. Bg6+ Ke7 23. Bf5 Kd6 24. Nd4 Ne4 25. Bxe4 Rxf1+
26. Rxf1 Qxe4 27. Qg8 Kc5 28. Qf8+ Kc4 29. b3+ Kd3 30. Rd1+ Ke3 31. Qf2#
1-0

[Event "FIDE Grand Swiss 2021"]
[Site "Riga"]
[Date "07.11.2021"]
[Round "11"]
[White "Ponkratov, Pavel"]
[Black "Ter-Sahakyan, Samvel"]
[Result "1/2-1/2"]
[WhiteElo "2659"]
[BlackElo "2607"]

1. e4 c5 2. Nf3 d6 3. d4 cxd4 4. Nxd4 Nf6 5. Nc3 a6 6. Qd3 Nbd7 7. Be2 g6
8. h4 Nc5 9. Qe3 h5 10. Nb3 Bh6 11. Qd4 Ne6 12. Qd1 Bg7 13. Be3 Bd7 14. a4
Bc6 15. f3 d5 16. e5 Ng8 17. f4 Nh6 18. Nd4 Nxd4 19. Bxd4 Nf5 20. Qd3 Nxd4
21. Qxd4 e6 22. Bd3 Bf8 23. a5 Rc8 24. Ne2 Qd7 25. c3 Be7 26. Qf2 Bb5 27.
Bxb5 Qxb5 28. Nd4 Qc4 29. Qe2 Kd7 30. Qxc4 Rxc4 31. Kd2 1/2-1/2

[Event "FIDE Grand Swiss 2021"]
[Site "Riga"]
[Date "07.11.2021"]
[Round "11"]
[White "Henriquez Villagra, Cristobal"]
[Black "Navara, David"]
[Result "1/2-1/2"]
[WhiteElo "2608"]
[BlackElo "2691"]

1. d4 Nf6 2. Bg5 d5 3. Nd2 c5 4. dxc5 Na6 5. e4 Nxc5 6. e5 Nfe4 7. Nxe4
Nxe4 8. Be3 e6 9. Nf3 Bd7 10. Bd3 Qa5+ 11. c3 Bb5 12. O-O Bxd3 13. Qxd3 Be7
14. Rfd1 Rc8 15. a4 a6 16. Bd4 O-O 17. Qe3 Qc7 18. a5 Qc4 19. Nd2 Nxd2 20.
Rxd2 Bc5 21. Bxc5 Qxc5 22. Rd4 b6 23. axb6 Qxb6 24. Rb4 Qxe3 25. fxe3 Rc6
26. Kf2 f6 27. exf6 e5 28. f7+ Kxf7 29. Ke2 Ke6 30. Ra5 Rf7 31. h3 e4 32.
Rb8 Rd7 33. Ra1 Rdd6 34. Ra8 Ke5 35. Rf1 Rf6 36. Re8+ Rce6 37. Rxf6 gxf6
38. Rc8 f5 39. Rc5 Rb6 40. b4 Rb5 41. Rxb5 axb5 42. g3 Kf6 43. Kf2 Kg5 44.
Kf1 h6 45. Kf2 h5 46. h4+ Kf6 1/2-1/2

[Event "FIDE Grand Swiss 2021"]
[Site "Riga"]
[Date "07.11.2021"]
[Round "11"]
[White "Brkic, Ante"]
[Black "Svidler, Peter"]
[Result "1/2-1/2"]
[WhiteElo "2621"]
[BlackElo "2694"]

1. e4 c5 2. Nf3 d6 3. d4 cxd4 4. Nxd4 Nf6 5. Nc3 a6 6. Bg5 Nbd7 7. Bc4 h6
8. Bh4 Qb6 9. Bb3 e6 10. f4 Be7 11. f5 Nc5 12. Qf3 Ncxe4 13. Nxe4 Qxd4 14.
Bxf6 Bxf6 15. Rd1 Qe5 16. O-O O-O 17. Nxf6+ gxf6 18. Rfe1 Qc5+ 19. Kh1 Qxf5
20. Qxf5 exf5 21. Rxd6 Kg7 22. Re7 f4 23. Kg1 b5 24. Kf2 Bg4 25. Rd4 Rad8
26. Rxf4 Rd2+ 27. Kg3 Bh5 28. Rf2 Rfd8 29. Rxd2 Rxd2 30. Ra7 Bg6 31. Rxa6
Be4 32. Rb6 Rxg2+ 33. Kf4 f5 34. Rxb5 Rxh2 35. a4 h5 36. Bd5 Bxd5 37. Rxd5
Rxc2 38. Rxf5 Rxb2 39. Rxh5 Rb4+ 40. Kf3 Rxa4 1/2-1/2

[Event "FIDE Grand Swiss 2021"]
[Site "Riga"]
[Date "07.11.2021"]
[Round "11"]
[White "Moussard, Jules"]
[Black "Matlakov, Maxim"]
[Result "1-0"]
[WhiteElo "2632"]
[BlackElo "2682"]

1. e4 c5 2. Nf3 d6 3. d4 cxd4 4. Nxd4 Nf6 5. Nc3 a6 6. Be3 e5 7. Nb3 Be7 8.
f3 Be6 9. Qd2 Nbd7 10. g4 Nb6 11. g5 Nfd7 12. O-O-O Qc7 13. Kb1 Rc8 14. h4
Nc4 15. Bxc4 Qxc4 16. f4 exf4 17. Bxf4 Ne5 18. Nd4 O-O 19. Nf5 Qc7 20.
Nxe7+ Qxe7 21. Qxd6 Qxd6 22. Rxd6 Nc4 23. Rd3 f5 24. e5 Rc5 25. Na4 Ra5 26.
b3 Rc8 27. h5 b5 28. g6 bxa4 29. Rhd1 hxg6 30. hxg6 Na3+ 31. Kb2 Re8 32.
Rd8 Kf8 33. Bg5 1-0

[Event "FIDE Grand Swiss 2021"]
[Site "Riga"]
[Date "07.11.2021"]
[Round "11"]
[White "Cori, Jorge"]
[Black "Yakubboev, Nodirbek"]
[Result "1/2-1/2"]
[WhiteElo "2655"]
[BlackElo "2621"]

1. d4 Nf6 2. c4 g6 3. Nc3 Bg7 4. e4 d6 5. Nf3 O-O 6. Be2 e5 7. d5 a5 8. Bg5
h6 9. Bh4 Na6 10. Nd2 Bd7 11. a3 Qe8 12. b3 Nc5 13. O-O g5 14. Bg3 h5 15.
f3 h4 16. Bf2 Nh5 17. b4 Na4 18. Qc2 Nf4 19. Bd3 Nxc3 20. Qxc3 f5 21. Rfe1
axb4 22. axb4 Rxa1 23. Rxa1 h3 24. g3 Nxd3 25. Qxd3 Qg6 26. Ra7 g4 27. Rxb7
gxf3 28. Rxc7 fxe4 29. Qxe4 Bf5 30. Qe1 Bh6 31. b5 Rf7 32. Rxf7 Bxd2 33.
Qxd2 Kxf7 34. c5 dxc5 35. d6 Be6 36. d7 Qb1+ 37. Be1 f2+ 38. Qxf2+ Ke7 39.
Qxc5+ Kxd7 40. Qb4 Qd3 41. Qd2 Qd4+ 42. Qxd4+ exd4 43. Kf2 Bc4 44. b6 Kc6
45. Ba5 Bd5 46. g4 1/2-1/2

[Event "FIDE Grand Swiss 2021"]
[Site "Riga"]
[Date "07.11.2021"]
[Round "11"]
[White "Demchenko, Anton"]
[Black "Hovhannisyan, Robert"]
[Result "1/2-1/2"]
[WhiteElo "2651"]
[BlackElo "2622"]

1. e4 e5 2. Nf3 Nc6 3. Bc4 Bc5 4. d3 Nf6 5. a4 a5 6. Be3 Bxe3 7. fxe3 O-O
8. Nc3 d6 9. Qe2 Be6 10. O-O-O Qe7 11. Kb1 Rad8 12. Bxe6 Qxe6 13. g4 Nb4
14. g5 Nd7 15. d4 c6 16. h4 d5 17. exd5 cxd5 18. dxe5 Nxe5 19. Nxe5 Qxe5
20. Rd4 Rfe8 21. Rhd1 Rc8 22. Qf2 Rc4 23. Rxc4 dxc4 24. Rd4 Qe6 25. Re4 Qc6
26. Rxe8+ Qxe8 27. Qf4 h6 28. Qxc4 Qxe3 29. Qc8+ Kh7 30. Qf5+ Kg8 1/2-1/2

[Event "FIDE Grand Swiss 2021"]
[Site "Riga"]
[Date "07.11.2021"]
[Round "11"]
[White "Abdusattorov, Nodirbek"]
[Black "Sindarov, Javokhir"]
[Result "1/2-1/2"]
[WhiteElo "2646"]
[BlackElo "2587"]

1. d4 Nf6 2. c4 g6 3. Nc3 d5 4. cxd5 Nxd5 5. e4 Nxc3 6. bxc3 Bg7 7. Nf3 c5
8. Be3 Qa5 9. Qd2 Nc6 10. Rb1 a6 11. Rc1 cxd4 12. cxd4 Qxd2+ 13. Kxd2 e6
14. h4 O-O 15. Bd3 Bd7 16. h5 Rfc8 17. h6 Bf8 18. Bg5 b5 19. Rc2 f5 20. Ke3
Nb4 21. Rxc8 Rxc8 22. Bb1 Nc2+ 23. Kd2 Na3 24. Bd3 Nc4+ 25. Ke2 Bc6 26.
exf5 exf5 27. Rc1 Bd5 28. Ne5 Ba3 29. Rc2 Be6 30. Bc1 1/2-1/2

[Event "FIDE Grand Swiss 2021"]
[Site "Riga"]
[Date "07.11.2021"]
[Round "11"]
[White "Tabatabaei, M. Amin"]
[Black "Kuybokarov, Temur"]
[Result "1/2-1/2"]
[WhiteElo "2639"]
[BlackElo "2549"]

1. d4 d5 2. Nf3 Nf6 3. Bf4 c5 4. e3 Nc6 5. Nbd2 Bg4 6. c3 e6 7. Qb3 Qc8 8.
h3 Bh5 9. Be2 Be7 10. O-O O-O 11. Qd1 Qd8 12. a4 Bd6 13. dxc5 Bxc5 14. a5
Bd6 15. a6 b6 16. Qa4 Rc8 17. Bb5 Ne7 18. Rfe1 Bg6 19. Rad1 Nf5 20. g4 Ne7
21. Ne5 Qc7 22. Ndc4 dxc4 23. Rxd6 Qxd6 24. Nxg6 Qc5 25. Nxf8 Kxf8 26. Rd1
e5 27. Bh2 g5 28. b4 cxb3 29. Qxb3 Ng6 30. c4 Kg7 31. Qd3 Qb4 32. Bg3 Qb2
33. Qf5 Rc5 34. Qd3 h5 35. Rd2 Qc1+ 36. Rd1 Qb2 37. Qd2 Qb3 38. Qe2 hxg4
39. hxg4 Ne4 40. Rd7 Nxg3 41. fxg3 e4 42. Rxa7 1/2-1/2

[Event "FIDE Grand Swiss 2021"]
[Site "Riga"]
[Date "07.11.2021"]
[Round "11"]
[White "Onyshchuk, Volodymyr"]
[Black "Cheparinov, Ivan"]
[Result "1/2-1/2"]
[WhiteElo "2622"]
[BlackElo "2659"]

1. e4 e5 2. Nf3 Nc6 3. Bb5 a6 4. Ba4 Nf6 5. O-O Be7 6. Re1 b5 7. Bb3 O-O 8.
a4 b4 9. d3 d6 10. a5 Be6 11. Nbd2 Bxb3 12. Nxb3 Re8 13. Nfd2 Nd7 14. Nc4
Nf8 15. Be3 d5 16. exd5 Qxd5 17. Qg4 Rad8 18. Qe4 Ne6 19. Qxd5 Rxd5 20. Re2
f5 21. Rae1 Bf6 22. f4 exf4 23. Bxf4 Kf7 24. g3 Re7 25. Be3 Ne5 26. Ncd2 g5
27. h3 Ng6 28. Nc4 f4 29. Bf2 fxg3 30. Bxg3 Ngf4 31. Bxf4 Nxf4 32. Rxe7+
Bxe7 33. Kh2 Bf6 34. Re4 Ne6 35. Kg3 h5 36. Kg2 Rf5 37. Ne3 Rf4 38. Nd5
Rxe4 39. dxe4 Be7 40. Kf3 Bd6 41. c3 bxc3 42. bxc3 c6 43. Nb4 Bxb4 44. cxb4
Kf6 45. Ke3 Ke5 46. Nd2 Kd6 47. Nb3 Ke5 48. Nd2 Kd6 49. Nb3 Ke5 1/2-1/2

[Event "FIDE Grand Swiss 2021"]
[Site "Riga"]
[Date "07.11.2021"]
[Round "11"]
[White "Adhiban, Baskaran"]
[Black "Miezis, Normunds"]
[Result "1-0"]
[WhiteElo "2672"]
[BlackElo "2467"]

1. b3 e5 2. Bb2 d6 3. c4 c5 4. g3 Nc6 5. Bg2 g6 6. Nc3 Bg7 7. d3 Nge7 8.
Nf3 Rb8 9. O-O O-O 10. a3 a6 11. e3 b5 12. Qc2 b4 13. axb4 Nxb4 14. Qe2 Bb7
15. Rfd1 Qc7 16. Ba3 Rfe8 17. Nd2 Bxg2 18. Kxg2 Qb7+ 19. Kg1 Nbc6 20. Nd5
f5 21. Bb2 Nd8 22. Nxe7+ Rxe7 23. Qf1 Nf7 24. Ra3 Qc6 25. Rda1 Rb6 26. R1a2
h5 27. Bc3 Ng5 28. Qg2 e4 29. Bxg7 Rxg7 30. dxe4 fxe4 31. h4 Nf3+ 32. Nxf3
exf3 33. Qh3 Re7 34. Rd2 Kg7 35. Qf1 Kh7 36. Rd5 Rf7 37. Kh2 Rf5 38. Qd1
Qd7 39. Rd3 Qe7 40. Ra2 g5 41. hxg5 h4 42. g4 Qxg5 43. Kh3 Qg6 44. Rad2 Rf6
45. Rd5 Rb7 46. Kxh4 Rg7 47. Qc2 Re6 48. Qxg6+ Rgxg6 49. Rh5+ Kg7 50. Rg5
Rxg5 51. Kxg5 Kf7 52. Ra2 Rg6+ 53. Kf4 Rf6+ 54. Kg3 Ke6 55. Rxa6 Ke5 56.
Ra2 Ke4 57. Rd2 Rh6 58. Rd1 Rg6 59. b4 Rf6 60. b5 1-0